List of Countries playing in ICC Cricket World Cup Qualifier 2023 - Statistics

General Stats
  • This quiz has been taken 23 times
  • The average score is 7 of 10
Answer Stats
Answer % Correct
United States of America
89%
Netherlands
84%
Zimbabwe
84%
Ireland
79%
Scotland
79%
United Arab Emirates
68%
West Indies
68%
Nepal
63%
Oman
58%
Sri Lanka
58%
No matching quizzes found
Score Distribution
Percent of People with Each Score
Percentile by Number Answered
Your Score History
You have not taken this quiz